The New Oxford American Dictionary
Tallennettuna:
| Päätekijä: | |
|---|---|
| Aineistotyyppi: | Kirja |
| Kieli: | Undetermined |
| Julkaistu: |
New York, Estados Unidos
Oxford University Press
2005
|
| Aiheet: | |
| Tagit: |
Lisää tagi
Ei tageja, Lisää ensimmäinen tagi!
|
MARC
| LEADER | 00000nam a2200000Ia 4500 | ||
|---|---|---|---|
| 008 | 170316s9999 xx 000 0 und d | ||
| 040 | |a cru BVZT | ||
| 090 | |a REF | ||
| 100 | |a McKean, Erin | ||
| 245 | 4 | |a The New Oxford American Dictionary | |
| 260 | |a New York, Estados Unidos | ||
| 260 | |b Oxford University Press | ||
| 260 | |c 2005 | ||
| 300 | |a 2051 páginas | ||
| 650 | |a REFERENCIA | ||
| 650 | |a EN IDIOMA INGLÉS | ||
| 650 | |a DICCIONARIO INGLÉS - INGLÉS | ||
| 942 | |c REF | ||
| 999 | |c 15191 |d 15191 | ||
